National Anthem of Palau - "Belau Rekid" - Statistics

General Stats
  • This quiz has been taken 3 times
  • The average score is 10 of 103
Answer Stats
Answer % Correct
Belau
100%
a
50%
Belau
50%
di
50%
el
50%
er
50%
kelulul,
50%
kid,
50%
klisiich
50%
loba
50%
mei.
50%
Meng
50%
mla
50%
ngar
50%
ngii
50%
ra
50%
re
50%
rechuodel
50%
rirch
50%
a
0%
a
0%
a
0%
a
0%
a
0%
a
0%
a
0%
a
0%
a
0%
a
0%
a
0%
bedul
0%
beltik
0%
beluad,
0%
belumam,
0%
beluu,
0%
beskemam
0%
blak
0%
Bo
0%
Bodo
0%
bodo
0%
budech
0%
cherechar.
0%
chim
0%
chimol
0%
chotil
0%
dekaiuereked
0%
di
0%
di
0%
dikesam
0%
Dios
0%
do
0%
duch
0%
e
0%
el
0%
el
0%
el
0%
el
0%
el
0%
el
0%
el
0%
era
0%
era
0%
era
0%
eungel
0%
keruul
0%
klebkellel,
0%
klengar
0%
klisicham
0%
klisichel.
0%
klungiolam
0%
koted.
0%
leketek
0%
llemeltam,
0%
lokiu
0%
lokiu
0%
lolab
0%
Lomecheliu
0%
lomekesang.
0%
lorrurt
0%
ma
0%
ma
0%
ma
0%
ma
0%
me
0%
mei,
0%
mekngeltengat
0%
mengeluolu
0%
mla
0%
mla
0%
mo
0%
mo
0%
msa
0%
ngar
0%
ngedmoki
0%
ra
0%
ra
0%
rechuodel
0%
reng
0%
reng.
0%
reng,
0%
reng.
0%
rengedel
0%
rurt
0%
No matching quizzes found
Score Distribution
Percent of People with Each Score
Percentile by Number Answered
Your Score History
You have not taken this quiz